Statistics for 2022 College Football Starting QBs

Click here to take the quiz!

General Stats

  • This quiz has been taken 101 times
  • The average score is 46 of 130

Answer Stats

HintAnswer% Correct
Alabama Crimson TideBryce Young
93%
USC TrojansCaleb Williams
85%
Oregon DucksBo Nix
84%
Ohio State BuckeyesCJ Stroud
84%
Georgia BulldogsStetson Bennett
84%
Kansas JayhawksJalon Daniels
80%
LSU TigersJayden Daniels
80%
West Virginia MountaineersJT Daniels
80%
Air Force FalconsHaaziq Daniels
78%
Florida GatorsAnthony Richardson
77%
Michigan WolverinesCade McNamara/JJ McCarthy
77%
Kentucky WildcatsWill Levis
77%
North Carolina Tar HeelsDrake Maye
73%
Tennessee VolunteersHendon Hooker
73%
South Carolina GamecocksSpencer Rattler
73%
Central Michigan ChippewasDaniel Richardson
72%
Texas LonghornsQuinn Ewers
70%
Penn State Nittany LionsSean Clifford
70%
Arkansas RazorbacksKJ Jefferson
68%
Washington HuskiesMichael Penix Jr
66%
Oklahoma State CowboysSpencer Sanders
66%
Oklahoma SoonersDillon Gabriel
65%
Ole Miss RebelsLuke Altmeyer/Jaxson Dart
65%
TCU Horned FrogsMax Duggan/Chandler Morris
65%
Nebraska CornhuskersCasey Thompson
64%
Clemson TigersDJ Uiagalelei
62%
Arizona State Sun DevilsEmory Jones
62%
UCLA BruinsDorian Thompson Robinson
59%
Wake Forest Demon DeaconsSam Hartman
59%
Maryland TerrapinsTaulia Tagovailoa
59%
North Carolina State WolfpackDevin Leary
57%
Florida State SeminolesJordan Travis
57%
Pittsburgh PanthersKedon Slovis
57%
Miami (FL) HurricanesTyler Van Dyke
57%
Kansas State WildcatsAdrian Martinez
54%
Louisville CardinalsMalik Cunningham
54%
Middle Tennessee State Blue RaidersChase Cunningham
53%
Mississippi State BulldogsWill Rogers
51%
Utah UtesCameron Rising
50%
Virginia CavaliersBrennan Armstrong
49%
Texas A&M AggiesHaynes King
49%
BYU CougarsJaren Hall
47%
Georgia Tech Yellow JacketsJeff Sims
47%
Louisiana Monroe WarhawksChandler Rogers
46%
Wisconsin BadgersGraham Mertz
46%
Coastal Carolina ChanticleersGrayson McCall
46%
Purdue BoilermakersAidan O'Connell
45%
Auburn TigersTJ Finley
45%
Michigan State SpartansPayton Thorne
43%
Illinois Fighting IlliniTommy DeVito
43%
Iowa HawkeyesSpencer Petras
42%
Minnesota Golden GophersTanner Morgan
42%
Washington State CougarsCameron Ward
41%
Appalachian State MountaineersChase Brice
39%
Fresno State BulldogsJake Haener
39%
Notre Dame Fighting IrishTyler Buchner
39%
Boston College EaglesPhil Jurkovec
38%
Stanford CardinalTanner McKee
38%
Houston CougarsClayton Tune
36%
UCF KnightsJohn Rhys Plumlee
36%
Tulane Green WaveMichael Pratt
36%
Cincinnati BearcatsBen Bryant
35%
SMU MustangsTanner Mordecai
35%
Texas Tech Red RaidersTyler Shough
34%
Missouri TigersBrady Cook
31%
Syracuse OrangeGarrett Schrader
31%
Baylor BearsBlake Shapen
30%
California Golden BearsJack Plummer
30%
Northwestern WildcatsRyan Hilinski
30%
Iowa State CyclonesHunter Dekkers
28%
Arizona WildcatsJayden de Laura
28%
Duke Blue DevilsRiley Leonard
28%
UTSA RoadrunnersFrank Harris
27%
Vanderbilt CommodoresMike Wright
27%
Northern Illinois HuskiesRocky Lombardi
27%
Virginia Tech CavaliersGrant Wells
26%
Western Kentucky HilltoppersAusin Reed
24%
Indiana HoosiersConnor Bazelak
24%
Boise State BroncosHank Bachmeier
23%
East Carolina PiratesHolton Ahlers
23%
Oregon State BeaversChance Nolan
19%
Florida Atlantic OwlsN'Kosi Perry
19%
Tulsa Golden HurricaneDavis Brin
18%
North Texas Mean GreenAustin Aune
16%
Miami (OH) RedHawksBrett Gabbert
16%
Rutgers Scarlet KnightsNoah Vedral
16%
Kent State Golden FlashesCollin Schlee
15%
South Florida BullsGerry Bohannon
15%
Colorado BuffaloesJT Shrout
15%
Ohio BobcatsKurtis Rourke
15%
Bowling Green FalconsMatt McDonald
15%
Army Black KnightsTyhier Tyler
15%
San Jose State SpartansChevan Cordeiro
14%
Charlotte 49ersChris Reynolds
14%
Toledo RocketsDequan Finn
14%
UTEP MInersGavin Hardison
14%
Georgia Southern EaglesKyle Vantrease
14%
Memphis TigersSeth Henigan
14%
South Alabama JaguarsCarter Bradley
12%
Akron ZipsDJ Irons
12%
Temple OwlsD'Wan Mathis
12%
Troy TrojansGunnar Watson
12%
Liberty FlamesCharlie Brewer
11%
Marshall Thundering HerdHenry Colombi
11%
Utah State AggiesLogan Bonner
11%
UAB BlazersDylan Hopkins
9%
Ball State CardinalsJohn Paddock
9%
Nevada WolfpackNate Cox/Shane Illingworth
9%
Rice OwlsTJ McMahon
9%
Wyoming CowboysAndrew Peasley
8%
Georgia State PanthersDarren Grainger
8%
UNLV RebelsDoug Brumfield
8%
Arkansas State Red WolvesJames Blackmon
8%
UConn HuskiesZion Turner/Cale Millen
8%
Hawaii Rainbow WarriorsBrayden Schager
7%
Louisiana Ragin CajunsChandler Fields
7%
Old Dominion MonarchsHayden Wolff
7%
Texas State BobcatsLayne Hatcher
7%
Eastern Michigan EaglesTaylor Powell
7%
San Diego State AztecsBraxton Burmeister
5%
Colorado State RamsClay Millen
5%
New Mexico State AggiesDiego Pavia
5%
FIU PanthersGunnar Holmberg
5%
Buffalo BullsMatt Myers
5%
Western Michigan BroncosJack Salopeck
4%
Louisiana Tech BulldogsMatthew Downing
4%
New Mexico LobosMiles Kendrick
4%
Southern Miss Golden EaglesTy Keyes
4%
UMass MinutemenBrady Olson
3%
Navy MidshipmenMaquel Haywood
1%

Score Distribution

Percentile by Number Answered

Percent of People with Each Score

Your Score History

You have not taken this quiz